Nesklamať očakávania
Uspokojovanie nižších a vyšších potrieb zákazníka. Kategórie zákazníckych služieb. Poznať preferencie potrieb jadnotlivých cieľových skupín zákazníkov.
Saved in:
| Main Author: | |
|---|---|
| Format: | Book Chapter |
| Language: | Slovak |
| Subjects: | |
| Tags: |
No Tags, Be the first to tag this record!
|
MARC
| LEADER | 00000naa a2200000 4500 | ||
|---|---|---|---|
| 001 | r044215 | ||
| 005 | 20240502071338.6 | ||
| 041 | 0 | |a slo | |
| 044 | |a SK | ||
| 245 | 1 | 0 | |a Nesklamať očakávania |c Hana Adamková |
| 520 | |a Uspokojovanie nižších a vyšších potrieb zákazníka. Kategórie zákazníckych služieb. Poznať preferencie potrieb jadnotlivých cieľových skupín zákazníkov. | ||
| 610 | 2 | 0 | |a potreby |
| 610 | 2 | 0 | |a potreby osobné |
| 610 | 2 | 0 | |a zákazníci |
| 610 | 2 | 0 | |a služby |
| 610 | 2 | 0 | |a služby obchodné |
| 100 | 1 | |a Adamková, Hana, 1969- | |